000 00773nam a22002657a 4500
003 UA-OsUOA
001 62024
007 ta
008 20090810b un ||||| |||| 00| 0 ukr d
100 _aБіленька-Гаманчук В.
700 _aПелех Р.
700 _aКарнафель Г.
090 _a821.161.2
_bБ 61
942 _cBK
040 _aUA-OsUOA
_bukr
_cUA-OsUOA
_dUA-OsUOA
245 _aТрилисник
_bТріумф поетичної Полонщини
300 _a172 с.
955 _a3
041 _aukr
080 _a821.161.2
020 _a978-966-656-142-1
260 _aПолонне-Тернопіль
_bЛілея
_c2007
650 7 _a82 Література. Літературознавство
_2UDC
999 _c348016
_d348016